Traditional Japanese architecture and gardens
This book consists of the following many parts general survey history, characteristics, technical survey, of Japanese architecture; particular building types Shinto, Buddhist, house and castles architecture.
Gardado en:
| Autor Principal: | |
|---|---|
| Formato: | Libro |
| Idioma: | Undetermined |
| Publicado: |
Japan
Kokusai Bunka Shinkokai
1972
|
| Những chủ đề: | |
| Các nhãn: |
Engadir etiqueta
Sen Etiquetas, Sexa o primeiro en etiquetar este rexistro!
|
| Thư viện lưu trữ: | Trung tâm Học liệu Trường Đại học Cần Thơ |
|---|
| LEADER | 00788nam a2200217Ia 4500 | ||
|---|---|---|---|
| 001 | CTU_108115 | ||
| 008 | 210402s9999 xx 000 0 und d | ||
| 020 | |c 5950000 | ||
| 082 | |a 720.952 | ||
| 082 | |b H668 | ||
| 100 | |a Hirotaro, Ota | ||
| 245 | 0 | |a Traditional Japanese architecture and gardens | |
| 245 | 0 | |c Ota Hirotaro | |
| 260 | |a Japan | ||
| 260 | |b Kokusai Bunka Shinkokai | ||
| 260 | |c 1972 | ||
| 520 | |a This book consists of the following many parts general survey history, characteristics, technical survey, of Japanese architecture; particular building types Shinto, Buddhist, house and castles architecture. | ||
| 650 | |a Architecture,Gardens, Japanese,Gardens | ||
| 650 | |z Japan,Japan | ||
| 904 | |i M.Loan | ||
| 980 | |a Trung tâm Học liệu Trường Đại học Cần Thơ | ||